2025笔记本电脑品牌中国占有率Top20 laptop brands by sales in China in 2025 - Statistics

General Stats
  • This quiz has been taken 60 times
  • The average score is 10 of 20
Answer Stats
品牌 占有率/% 价格区间/¥ % Correct
苹果 2.5 6299-51532
98%
联想 20.8 18..-30499
96%
华为 5.8 3598-14999
90%
戴尔 5.5 2799-40299
85%
惠普 8.9 2899-28999
73%
华硕 8.4 1899-31999
73%
外星人 0.7 10999-57999
56%
Acer宏碁 3.6 1799-39969
48%
机械革命 8.6 3279-24999
40%
荣耀 2.7 2999-9999
40%
红米 2.8 2899-9999
38%
神舟 1.8 1999-23999
35%
微软 2.4 2788-35988
33%
七彩虹 1.6 4499-21299
29%
msi微星 2.8 2999-51999
29%
Thinkpad 9.2 2799-59489
29%
ROG 4.7 8499-55999
21%
雷神 1.4 2969-35999
19%
机械师 1.1 3299-33999
17%
ThinkBook 2.6 3580-17999
15%
No matching quizzes found
Score Distribution
Percent of People with Each Score
Percentile by Number Answered
Your Score History
You have not taken this quiz